| 000 | 01571cam a22003611u 4500 | ||
|---|---|---|---|
| 999 |
_c7448 _d7448 |
||
| 003 | EG-ScBUE | ||
| 005 | 20191229104616.0 | ||
| 008 | 101110s2006 ua f b 001 0 ara d | ||
| 020 | _a9773059243 | ||
| 040 |
_aEG-ScBUE _bara _erda _cEG-ScBUE _dEG-ScBUE |
||
| 043 | _af-ua--- | ||
| 082 | 0 | 4 |
_a492.770962 _bأ ب ي _222 |
| 100 | 1 |
_aابن أبي السرور، محمد بن محمد، _d1005-1087 هـ.، _eمؤلف. _921114 |
|
| 245 | 1 | 2 |
_aالمقتضب : _bفيما وافق لغة أهل مصر من لغة العرب / _cتأليف ابن أبي السرور البكري ؛ تحقيق هشام عبد العزيز، عادل العدوي ؛ تقديم د. مدكور ثابت. |
| 264 | 1 |
_a[القاهرة] : _bأكاديمية الفنون، _c[2006] |
|
| 300 |
_a623 صفحة ؛ _c24 سم. |
||
| 336 |
_2rdacontent _aنص _btxt |
||
| 337 |
_2rdamedia _aبدون وسيط _bn |
||
| 338 |
_2rdacarrier _aمجلد _bnc |
||
| 490 | 0 |
_aالتراث ؛ _v1 |
|
| 500 | _aيشتمل على كشافات | ||
| 504 | _aيشتمل على إرجاعات ببليوجرافية. | ||
| 590 | _abasant emad | ||
| 650 | 7 |
_aاللغة العربية _xالكلمات _zمصر _2BUEsh _921501 |
|
| 650 | 7 |
_aاللغة العربية _xاللهجات _zمصر _2BUEsh |
|
| 651 | _2BUEsh | ||
| 653 |
_bGGEN _cDecember2019 |
||
| 655 | _vReading book | ||
| 700 | 1 |
_aعبد العزيز، هشام، _d1972- _eمحقق. _921115 |
|
| 700 | 1 |
_aعدوي ، عادل، _921116 _eمحقق. |
|
| 700 | 1 |
_aثابت، مدكور، _d1945- _eمقدم. |
|
| 942 |
_cBB _k412 إ ب ن _2ddc |
||